000 00437nam a2200157Ia 4500
008 210210b1987 xxu||||| |||| 00| 0 eng d
082 _a796.35865 MENR
100 _aMENON (Mohandas K).
245 _aReliance book of one-day international cricket records. Ed 1.
250 _a
260 _aBombay.
_bKeep Busy Books.,
_c1987
300 _a188
650 _aCricket Records
690 _aAthletic & Outdoor Sports
906 _a041353
999 _c90791
_d90791